000 00301nam a2200133 i 4500
001 bg
100 1 _aŚLUZEK, A.
245 0 _aKomputerowa analiza obrazów /
_cA. Śluzek.
260 _aWarszawa,
_c1991.
040 _cBPK
041 _apol
942 _cKS
008 s pl f |000 0 pol
999 _c4644
_d4644
856 _uhttp://koha.tu.koszalin.pl/cgi-bin/koha/opac-detail.pl?biblionumber=4644
_yKatalog online BPK